UK One-hit wonders - Statistics

General Stats
  • This quiz has been taken 17 times
  • The average score is 4 of 15
Answer Stats
Hint Answer % Correct
Echo Beach (1980) Martha and the Muffins
71%
Eye level (1973) Simon Park Orchestra
53%
Convoy (1975) C.W.McCall
47%
Substitute (1978) Clout
29%
Day trip to Bangor (1979) Fiddlers Dram
29%
Two pints of lager and a packet of crisps please (1980) Splodgenessabounds
29%
I wanna be a winner (1981) Brown Sauce
24%
Heartache Avenue (1983) Maisonettes
24%
Drowning in Berlin (1982) Mobiles
24%
Toast (1979) Streetband
24%
I'm in love with a German film star (1981) Passions
18%
Just one more night (1978) Yellow Dog
18%
The Hucklebuck (1980) Coast to Coast
12%
Reggae for it now (1979) Bill Lovelady
6%
The Sparrow (1979) Ramblers
6%
No matching quizzes found
Score Distribution
Percent of People with Each Score
Percentile by Number Answered
Your Score History
You have not taken this quiz